000 00578nam a22001697a 4500
003 OSt
005 20171010095451.0
008 120627t xxu||||| |||| 00| 0 eng d
040 _aMMSU
_cULS
100 _aSacramento, Fredie Mar S.
_910784
245 _aOn the Job Training (OJT) in Animal Science
_cFredie Mar S. Sacramento
260 _c2008
300 _aix, 31 leaves
_c28 cm.
500 _aThesis (BS Agriculture-Animal Science) -- Mariano Marcos State University-College of Agriculture & Forestry, Batac CIty
504 _aBibliography: None
942 _2ddc
_cTHEDIS
999 _c9606
_d9606